History of a combat regiment, 1639-1945 : 104th Infantry.

Bibliographic Details
Corporate Author: United States. Army. 104th Infantry
Other Authors: Dodge, Phillip, Gissen, Max, Parrott, Henry
Format: Book
Language:English
Published: [Place of publication not identified] : [publisher not identified], [1945?]
Subjects:

MARC

Tag First Indicator Second Indicator Subfields
LEADER 00000cam a2200000 a 4500
001 in00001403884
005 20151020053210.0
008 831028s1945 xx a 000 0 eng d
035 |a (OCoLC)10067110 
035 |9 AHM7370AM 
040 |a TMN  |c TMN  |d TXA  |d UtOrBLW 
049 |a TXAS [mil] 
090 |a UA29 104th  |b .A5 1945 
092 |a 940.541273  |b U58h 
110 1 |a United States.  |b Army.  |b 104th Infantry. 
245 1 0 |a History of a combat regiment, 1639-1945 :  |b 104th Infantry. 
264 1 |a [Place of publication not identified] :  |b [publisher not identified],  |c [1945?] 
300 |a 153 pages :  |b illustrations ;  |c 20 cm. 
336 |a text  |b txt  |2 rdacontent 
337 |a unmediated  |b n  |2 rdamedia 
338 |a volume  |b nc  |2 rdacarrier 
500 |a "Much of the material used here was originally gathered by Pfc. Phillip Dodge under the supervision of Capt. Alfred Stapleton. The book was written by Pfc. Henry Parrott ... under the direction of Lt. Max Gissen, who edited the text." 
650 0 |a World War, 1939-1945  |x Regimental histories  |z United States. 
650 0 |a World War, 1939-1945  |x Campaigns  |z Western Front. 
700 1 |a Dodge, Phillip. 
700 1 |a Gissen, Max. 
700 1 |a Parrott, Henry. 
999 |a MARS 
999 f f |s b644ff56-866b-3302-98cd-dbd0a52a2324  |i f47f83ac-4ce5-3468-803d-acf1708d0f39  |t 0 
952 f f |p noncirc  |a Texas A&M University  |b College Station  |c Cushing Memorial Library & Archives  |d Cushing: Ragan Military (Does not check out)  |t 0  |e UA29 104th .A5 1945  |h Library of Congress classification  |i unmediated -- volume 
998 f f |a UA29 104th .A5 1945  |t 0  |l Cushing: Ragan Military (Does not check out)